| 000 | 00378nam a2200145Ia 4500 | ||
|---|---|---|---|
| 008 | 230917s9999||||xx |||||||||||||| ||und|| | ||
| 040 |
_e54665 _aMAIN |
||
| 041 | _aEnglish | ||
| 082 | _a320.50954 S23T | ||
| 100 | _aSharma, Jyoti | ||
| 245 | 0 | _aTilak and Gandhi: perspective on religion and politics | |
| 260 |
_aNew Delhi _bGyan _c2001 |
||
| 300 | _axx, 336 p. | ||
| 942 | _cBK | ||
| 999 |
_c108742 _d108742 |
||